Statistics for Countries by Two Cities #2

Click here to take the quiz!

General Stats

  • This quiz has been taken 56 times
  • The average score is 16 of 20

Answer Stats

CitiesCountry% Correct
Perth, BrisbaneAustralia
100%
Tel Aviv, HaifaIsrael
96%
Rotterdam, EindhovenNetherlands
94%
Marrakesh, CasablancaMorocco
92%
Porto, BragaPortugal
92%
Wroclaw, GdanskPoland
89%
Odesa, DniproUkraine
87%
Bergen, TrondheimNorway
85%
Cusco, ArequipaPeru
79%
Dar es Salaam, TangaTanzania
79%
Busan, IncheonSouth Korea
77%
Basrah, ErbilIraq
75%
Yangon, MandalayMyanmar
75%
Kandahar, HeratAfghanistan
72%
Córdoba, MendozaArgentina
72%
Maracaibo, BarquisimetoVenezuela
68%
Almaty, KaragandyKazakhstan
64%
Guayaquil, CuencaEcuador
62%
Bandung, MedanIndonesia
60%
Cebu, DavaoPhilippines
58%

Score Distribution

Percentile by Number Answered

Percent of People with Each Score

Your Score History

You have not taken this quiz